[Event "SE-2020-0-00002"]
[Site "LSS email"]
[Date "2020.02.27"]
[Round "?"]
[White "Kaupat, Lothar"]
[Black "Lonyuk, Bohdan"]
[Result "1-0"]
[WhiteElo "1181"]
[BlackElo "1248"]
[PlyCount "61"]
[EventDate "2020.01.19"]
[EventType "tourn (corr)"]
[EventRounds "6"]
[EventCountry "GER"]
[SourceTitle "Corr 2024"]
[Source "ChessBase"]
[SourceDate "2023.10.19"]
[SourceVersion "1"]
[SourceVersionDate "2023.10.19"]
[SourceQuality "1"]

1. d4 Nf6 2. Nc3 d5 3. Bf4 a6 4. e3 e6 5. Nf3 c5 6. Be2 b6 7. 0-0 Bb7 8. dxc5 bxc5 9. Na4 c4 10. Ne5 Nc6 11. Nc3 h6 12. Nxc6 Bxc6 13. Qd4 Be7 14. e4 0-0 15. exd5 Nxd5 16. Be5 Nb6 17. Bxg7 Qxd4 18. Bxd4 Rab8 19. Be5 Rb7 20. Rfd1 f6 21. Bd6 Kf7 22. Bh5+ Kg7 23. Bxe7 Rc8 24. Bd6 Rd8 25. Ba3 Rg8 26. Rd6 Bd5 27. Re1 Kh7 28. Nxd5 exd5 29. Ree6 Rg5 30. Rxb6 Rxb6 31. Rxb6 1-0

[Event "SE-2020-0-00002"]
[Site "LSS email"]
[Date "2020.02.27"]
[Round "?"]
[White "Shim Ng Min, Francis"]
[Black "Kaupat, Lothar"]
[Result "1-0"]
[WhiteElo "1199"]
[BlackElo "1181"]
[PlyCount "55"]
[EventDate "2020.01.19"]
[EventType "tourn (corr)"]
[EventRounds "6"]
[EventCountry "GER"]
[SourceTitle "Corr 2024"]
[Source "ChessBase"]
[SourceDate "2023.10.19"]
[SourceVersion "1"]
[SourceVersionDate "2023.10.19"]
[SourceQuality "1"]

1. e4 e6 2. d4 d5 3. Nc3 Nf6 4. Bg5 Bb4 5. e5 h6 6. Bd2 Bxc3 7. bxc3 Ne4 8. Qg4 Kf8 9. h4 c5 10. Rh3 Nc6 11. Bd3 Nxd2 12. Kxd2 c4 13. Be2 Bd7 14. Rf3 Ne7 15. Nh3 Nf5 16. g3 Qb6 17. Qf4 Qb2 18. Rc1 h5 19. Ng5 Rh6 20. Bf1 b5 21. Bh3 a5 22. Bxf5 exf5 23. Re1 b4 24. e6 Bxe6 25. Qd6+ Ke8 26. Nxe6 Rxe6 27. Rxe6+ fxe6 28. Qc6+ 1-0

[Event "IECC CL0-2020.00 email"]
[Site "IECC email"]
[Date "2020.02.22"]
[Round "?"]
[White "Kaupat, Lothar"]
[Black "Plastinin, Alexandr"]
[Result "1-0"]
[WhiteElo "1187"]
[BlackElo "1047"]
[PlyCount "54"]
[EventDate "2020.01.21"]
[EventType "tourn (corr)"]
[EventRounds "4"]
[SourceTitle "Corr 2022"]
[Source "ChessBase"]
[SourceDate "2021.10.24"]
[SourceVersion "1"]
[SourceVersionDate "2021.10.24"]
[SourceQuality "1"]

1. d4 d5 2. c4 e6 3. Nc3 Nf6 4. Bg5 Be7 5. e3 0-0 6. Nf3 h6 7. Bh4 b6 8. cxd5 exd5 9. Bd3 c6 10. 0-0 Bg4 11. h3 Be6 12. Rc1 Nbd7 13. Bg3 c5 14. b3 Rc8 15. Ba6 Ra8 16. Bb7 Rb8 17. Bxb8 Qxb8 18. Ba6 Ne4 19. Bd3 Nxc3 20. Rxc3 Bf6 21. Qc2 Qd6 22. Bh7+ Kh8 23. Bd3 Rc8 24. Ba6 Rc7 25. Rc1 Be7 26. Bd3 Nf6 27. Ne5 Nd7 1-0

[Event "IECC CL0-2020.00 email"]
[Site "IECC email"]
[Date "2020.02.22"]
[Round "?"]
[White "Raines, David T"]
[Black "Kaupat, Lothar"]
[Result "1-0"]
[WhiteElo "1195"]
[BlackElo "1187"]
[PlyCount "46"]
[EventDate "2020.01.21"]
[EventType "tourn (corr)"]
[EventRounds "4"]
[SourceTitle "Corr 2022"]
[Source "ChessBase"]
[SourceDate "2021.10.24"]
[SourceVersion "1"]
[SourceVersionDate "2021.10.24"]
[SourceQuality "1"]

1. d4 e6 2. Bf4 d5 3. e3 c5 4. c3 Nc6 5. Nd2 Nf6 6. Bd3 Be7 7. h3 0-0 8. Ngf3 b6 9. 0-0 Bb7 10. Rc1 Rc8 11. Bh2 c4 12. Bc2 b5 13. a3 a5 14. e4 b4 15. axb4 axb4 16. e5 b3 17. Bb1 Ra8 18. exf6 Bxf6 19. Re1 g6 20. Qe2 Bg7 21. Ne5 Ne7 22. Ndf3 f6 23. Ng4 Ra6 1-0

[Event "IECC CL0-2020.00 email"]
[Site "IECC email"]
[Date "2020.02.22"]
[Round "?"]
[White "Shim Ng Min, Francis"]
[Black "Kaupat, Lothar"]
[Result "1-0"]
[WhiteElo "1085"]
[BlackElo "1187"]
[PlyCount "43"]
[EventDate "2020.01.21"]
[EventType "tourn (corr)"]
[EventRounds "4"]
[SourceTitle "Corr 2022"]
[Source "ChessBase"]
[SourceDate "2021.10.24"]
[SourceVersion "1"]
[SourceVersionDate "2021.10.24"]
[SourceQuality "1"]

1. e4 e6 2. d4 d5 3. Nc3 Nf6 4. Bg5 Bb4 5. e5 h6 6. Bd2 Bxc3 7. bxc3 Ne4 8. Qg4 g6 9. h4 c5 10. Qf4 Nxd2 11. Qxd2 c4 12. Nf3 Nd7 13. g3 Nb6 14. Qc1 Na4 15. Qa3 b5 16. Rb1 Bd7 17. Be2 a5 18. h5 g5 19. g4 Rb8 20. 0-0 Qe7 21. Qxa4 bxa4 22. Rxb8+ 1-0

[Event "IECC CL0-2020.00 email"]
[Site "IECC email"]
[Date "2020.02.17"]
[Round "?"]
[White "Zmolil, Karel"]
[Black "Kaupat, Lothar"]
[Result "1-0"]
[WhiteElo "1056"]
[BlackElo "1197"]
[PlyCount "41"]
[EventDate "2020.01.18"]
[EventType "tourn (corr)"]
[EventRounds "4"]
[SourceTitle "Corr 2022"]
[Source "ChessBase"]
[SourceDate "2021.10.24"]
[SourceVersion "1"]
[SourceVersionDate "2021.10.24"]
[SourceQuality "1"]

1. c4 e5 2. d3 Nf6 3. Nf3 Nc6 4. Nc3 Bb4 5. Bd2 0-0 6. a3 Bxc3 7. Bxc3 Re8 8. e4 d6 9. h3 Be6 10. b4 a6 11. Ng5 b5 12. Nxe6 Rxe6 13. Qd2 Nd4 14. Rb1 c5 15. Bxd4 cxd4 16. Rc1 Rc8 17. cxb5 axb5 18. Be2 d5 19. Rxc8 Qxc8 20. exd5 Nxd5 21. Bg4 1-0

[Event "SE-2020-0-00310"]
[Site "LSS email"]
[Date "2020.02.10"]
[Round "?"]
[White "Kaupat, Lothar"]
[Black "Lonyuk, Bohdan"]
[Result "0-1"]
[WhiteElo "1124"]
[BlackElo "1216"]
[PlyCount "66"]
[EventDate "2019.12.10"]
[EventType "tourn (corr)"]
[EventRounds "6"]
[EventCountry "GER"]
[SourceTitle "Corr 2022"]
[Source "ChessBase"]
[SourceDate "2021.10.24"]
[SourceVersion "1"]
[SourceVersionDate "2021.10.24"]
[SourceQuality "1"]

1. d4 Nf6 2. Bg5 d5 3. Nc3 h6 4. Bxf6 exf6 5. Nf3 Bb4 6. e3 0-0 7. Bd3 c5 8. dxc5 Nd7 9. 0-0 Bxc3 10. bxc3 Nxc5 11. Rb1 Qa5 12. c4 Nxd3 13. Qxd3 dxc4 14. Qxc4 Be6 15. Qb5 Qxa2 16. Ra1 Qxc2 17. Qxb7 Rfb8 18. Qe7 Bd5 19. Rfc1 Qf5 20. Rxa7 Rxa7 21. Qxa7 Rb1 22. Qc7 Rxc1+ 23. Qxc1 Bxf3 24. gxf3 Qxf3 25. Qc8+ Kh7 26. Qc2+ f5 27. Qc7 f6 28. Qg3 Qxg3+ 29. fxg3 Kg6 30. Kf2 Kf7 31. Kf3 Ke6 32. e4 Ke5 33. exf5 Kxf5 0-1

[Event "SE-2020-0-00310"]
[Site "LSS email"]
[Date "2020.02.10"]
[Round "?"]
[White "Kaupat, Lothar"]
[Black "Senis, Enrico"]
[Result "1-0"]
[WhiteElo "1124"]
[BlackElo "1362"]
[PlyCount "59"]
[EventDate "2019.12.10"]
[EventType "tourn (corr)"]
[EventRounds "6"]
[EventCountry "GER"]
[SourceTitle "Corr 2022"]
[Source "ChessBase"]
[SourceDate "2021.10.24"]
[SourceVersion "1"]
[SourceVersionDate "2021.10.24"]
[SourceQuality "1"]

1. d4 d5 2. c4 c6 3. cxd5 cxd5 4. Nc3 Nf6 5. Bf4 Nc6 6. Nf3 Bf5 7. e3 a6 8. Bd3 e6 9. 0-0 Bxd3 10. Qxd3 Be7 11. Rfc1 Rc8 12. Rab1 0-0 13. b4 b5 14. a4 Nxb4 15. Qd2 Qb6 16. axb5 axb5 17. Ne5 Ra8 18. Qe2 Rfc8 19. Qxb5 Qxb5 20. Nxb5 Rxc1+ 21. Rxc1 Ne4 22. f3 Nf6 23. Rc7 Bd8 24. Rc1 h6 25. Bg3 Nh5 26. Be1 g5 27. Bxb4 Rb8 28. Bd6 f6 29. Bxb8 fxe5 30. Rc8 1-0

[Event "SE-2020-0-00309"]
[Site "LSS email"]
[Date "2020.01.31"]
[Round "?"]
[White "Kaupat, Lothar"]
[Black "Lonyuk, Bohdan"]
[Result "1/2-1/2"]
[WhiteElo "1111"]
[BlackElo "1260"]
[PlyCount "58"]
[EventDate "2019.11.07"]
[EventType "tourn (corr)"]
[EventRounds "6"]
[EventCountry "GER"]
[SourceTitle "Corr 2022"]
[Source "ChessBase"]
[SourceDate "2021.10.24"]
[SourceVersion "1"]
[SourceVersionDate "2021.10.24"]
[SourceQuality "1"]

1. d4 Nf6 2. c4 g6 3. Nc3 d5 4. cxd5 Nxd5 5. Na4 Bg7 6. e4 Nb6 7. Nf3 0-0 8. Nc5 Nc6 9. Be3 Bg4 10. d5 Ne5 11. Be2 c6 12. Nxe5 Bxe2 13. Qxe2 Bxe5 14. dxc6 bxc6 15. 0-0 e6 16. Nd3 Bg7 17. Rfd1 Qc7 18. Rac1 Na4 19. Qc2 Nb6 20. Qxc6 Qxc6 21. Rxc6 Rfc8 22. Rdc1 Rxc6 23. Rxc6 Rd8 24. Ne1 Bxb2 25. f4 Rc8 26. Rxc8+ Nxc8 27. g3 f6 28. Nd3 Ba3 29. Bc5 Bxc5+ 1/2-1/2

[Event "IECC CL0-2020.00 email"]
[Site "IECC email"]
[Date "2020.01.25"]
[Round "?"]
[White "Zmolil, Karel"]
[Black "Kaupat, Lothar"]
[Result "1-0"]
[WhiteElo "1085"]
[BlackElo "1146"]
[PlyCount "59"]
[EventDate "2019.12.23"]
[EventType "tourn (corr)"]
[EventRounds "4"]
[SourceTitle "Corr 2022"]
[Source "ChessBase"]
[SourceDate "2021.10.24"]
[SourceVersion "1"]
[SourceVersionDate "2021.10.24"]
[SourceQuality "1"]

1. e4 e6 2. d4 d5 3. Nc3 Nf6 4. e5 Nfd7 5. Nf3 c5 6. Be2 Nc6 7. Be3 cxd4 8. Bxd4 Nxd4 9. Qxd4 Bc5 10. Qh4 Qxh4 11. Nxh4 Nxe5 12. Nf3 Nxf3+ 13. Bxf3 0-0 14. 0-0 Bd7 15. Be2 Rfc8 16. Rac1 Bd4 17. Nd1 Rc7 18. c3 Rac8 19. Rb1 Bf6 20. Re1 d4 21. cxd4 Bxd4 22. Bd3 Bc6 23. Kf1 b5 24. Ne3 a6 25. f3 Bb7 26. Ke2 Rc5 27. Kd2 Re5 28. Nc2 Rxe1 29. Kxe1 Bd5 30. Nxd4 1-0

[Event "IECC CL0-2020.00 email"]
[Site "IECC email"]
[Date "2020.01.22"]
[Round "?"]
[White "Kaupat, Lothar"]
[Black "Plastinin, Alexandr"]
[Result "0-1"]
[WhiteElo "1146"]
[BlackElo "955"]
[PlyCount "52"]
[EventDate "2019.12.23"]
[EventType "tourn (corr)"]
[EventRounds "4"]
[SourceTitle "Corr 2022"]
[Source "ChessBase"]
[SourceDate "2021.10.24"]
[SourceVersion "1"]
[SourceVersionDate "2021.10.24"]
[SourceQuality "1"]

1. d4 d5 2. c4 e6 3. Nc3 Nf6 4. cxd5 Nxd5 5. e4 Nf6 6. Bg5 Be7 7. Nf3 0-0 8. Bd3 Nbd7 9. 0-0 a6 10. Rc1 c5 11. Re1 cxd4 12. Nxd4 h6 13. Bh4 Ne5 14. Be2 Nh7 15. Bxe7 Qxe7 16. Qa4 Bd7 17. Qa5 Nc6 18. Nxc6 Bxc6 19. f3 Rad8 20. Red1 Rd6 21. Rxd6 Qxd6 22. Rd1 Qe7 23. e5 f6 24. f4 fxe5 25. fxe5 Qg5 26. g3 Qe3# 0-1

[Event "IECC CL0-2020.00 email"]
[Site "IECC email"]
[Date "2020.01.12"]
[Round "?"]
[White "Kaupat, Lothar"]
[Black "Pehl, Ferenc"]
[Result "1-0"]
[WhiteElo "1124"]
[BlackElo "966"]
[PlyCount "67"]
[EventDate "2019.12.11"]
[EventType "tourn (corr)"]
[EventRounds "4"]
[SourceTitle "Corr 2022"]
[Source "ChessBase"]
[SourceDate "2021.10.24"]
[SourceVersion "1"]
[SourceVersionDate "2021.10.24"]
[SourceQuality "1"]

1. d4 d5 2. c4 e6 3. Nc3 h6 4. e4 dxe4 5. Nxe4 Bb4+ 6. Nc3 Nc6 7. a3 Be7 8. Nf3 Nf6 9. Be2 0-0 10. b4 a6 11. 0-0 Re8 12. Be3 Bf8 13. Qc2 Qe7 14. Rad1 Bd7 15. Rfe1 Ng4 16. Bf4 f5 17. h3 Nf6 18. d5 Na7 19. Bxc7 Ba4 20. Nxa4 Qxc7 21. Bd3 exd5 22. Bxf5 dxc4 23. Be6+ Kh8 24. Nh4 Rxe6 25. Ng6+ Kg8 26. Rxe6 b5 27. Nb6 Rb8 28. Nd5 Nxd5 29. Rxd5 Nc6 30. Nxf8 Rxf8 31. Qg6 Nb8 32. Rh5 Kh8 33. Rxh6+ gxh6 34. Qxh6+ 1-0

[Event "IECC CL0-2020.00 email"]
[Site "IECC email"]
[Date "2020.01.02"]
[Round "?"]
[White "Kaupat, Lothar"]
[Black "Plastinin, Alexandr"]
[Result "1-0"]
[WhiteElo "1124"]
[BlackElo "962"]
[PlyCount "109"]
[EventDate "2019.12.06"]
[EventType "tourn (corr)"]
[EventRounds "4"]
[SourceTitle "Corr 2022"]
[Source "ChessBase"]
[SourceDate "2021.10.24"]
[SourceVersion "1"]
[SourceVersionDate "2021.10.24"]
[SourceQuality "1"]

1. d4 d5 2. c4 e6 3. cxd5 exd5 4. Nc3 Be6 5. Nf3 Be7 6. Bf4 a6 7. e3 Nf6 8. Bd3 c5 9. 0-0 0-0 10. Qc2 h6 11. Rfb1 c4 12. Bf5 Nc6 13. Bxe6 fxe6 14. Qg6 Qe8 15. Nh4 Qxg6 16. Nxg6 Rfe8 17. Re1 Ne4 18. Nxe4 dxe4 19. Rac1 b5 20. b3 Bb4 21. Re2 Kf7 22. Ne5+ Nxe5 23. Bxe5 Rad8 24. bxc4 Bd6 25. Bxd6 Rxd6 26. cxb5 axb5 27. Rb2 Rd5 28. Rc7+ Kf6 29. Kf1 Re7 30. Rbc2 e5 31. Rxe7 Kxe7 32. Rc7+ Kf6 33. dxe5+ Rxe5 34. Rc6+ Kf7 35. Ke2 Rd5 36. g3 g6 37. h4 h5 38. Rc7+ Kf6 39. Rb7 Ke6 40. f3 exf3+ 41. Kxf3 Rd2 42. Rg7 Kf6 43. Ra7 Rb2 44. Ra6+ Kf7 45. Kf4 b4 46. Ke5 b3 47. axb3 Rxb3 48. Ra7+ Kg8 49. Kf4 Rb5 50. e4 Rc5 51. e5 Rc4+ 52. Kg5 Rg4+ 53. Kf6 Rxg3 54. e6 Rf3+ 55. Kxg6 1-0

[Event "IECC CL0-2020.00 email"]
[Site "IECC email"]
[Date "2020.01.02"]
[Round "?"]
[White "Kaupat, Lothar"]
[Black "Wilshusen, Horst"]
[Result "1-0"]
[WhiteElo "1124"]
[BlackElo "1168"]
[PlyCount "69"]
[EventDate "2019.12.06"]
[EventType "tourn (corr)"]
[EventRounds "4"]
[SourceTitle "Corr 2022"]
[Source "ChessBase"]
[SourceDate "2021.10.24"]
[SourceVersion "1"]
[SourceVersionDate "2021.10.24"]
[SourceQuality "1"]

1. d4 Nf6 2. c4 e6 3. Nc3 Bb4 4. Qc2 c5 5. dxc5 0-0 6. Bf4 Bxc5 7. Nf3 Nc6 8. e3 Ne7 9. Bd3 Ng6 10. Bg3 Nh5 11. Bxg6 hxg6 12. Bh4 Nf6 13. 0-0-0 Be7 14. e4 Ne8 15. Bxe7 Qxe7 16. h4 d6 17. h5 g5 18. Qd2 f6 19. h6 g6 20. h7+ Kh8 21. Rh6 Qf7 22. Rdh1 Bd7 23. c5 e5 24. cxd6 Ng7 25. Nd5 Rac8+ 26. Kb1 Be6 27. Ne7 Bxa2+ 28. Ka1 Nh5 29. Nxg6+ Kg7 30. Nxf8 Rxf8 31. h8Q+ Rxh8 32. Rxh8 Qd7 33. R1xh5 Qa4 34. R5h7+ Kg6 35. Nh4+ 1-0

[Event "IECC CL0-2020.00 email"]
[Site "IECC email"]
[Date "2020.01.02"]
[Round "?"]
[White "Shim Ng Min, Francis"]
[Black "Kaupat, Lothar"]
[Result "1-0"]
[WhiteElo "1179"]
[BlackElo "1124"]
[PlyCount "37"]
[EventDate "2019.12.06"]
[EventType "tourn (corr)"]
[EventRounds "4"]
[SourceTitle "Corr 2022"]
[Source "ChessBase"]
[SourceDate "2021.10.24"]
[SourceVersion "1"]
[SourceVersionDate "2021.10.24"]
[SourceQuality "1"]

1. e4 e6 2. d4 d5 3. Nc3 Bb4 4. e5 c5 5. a3 Bxc3+ 6. bxc3 Ne7 7. Qg4 0-0 8. Bd3 Qa5 9. Ne2 cxd4 10. Bh6 Ng6 11. h4 f5 12. exf6 e5 13. f7+ Kh8 14. Bf5 Bxf5 15. Qxf5 Nd7 16. h5 gxh6 17. hxg6 Qd8 18. Rxh6 Nf6 19. Qxf6+ 1-0

[Event "RF-2019-0-00497"]
[Site "LSS email"]
[Date "2019.12.27"]
[Round "?"]
[White "Kaupat, Lothar"]
[Black "Kuttner, Jaromir"]
[Result "1-0"]
[WhiteElo "1092"]
[BlackElo "849"]
[PlyCount "55"]
[EventDate "2019.10.25"]
[EventType "tourn (corr)"]
[EventRounds "6"]
[EventCountry "GER"]
[SourceTitle "Corr 2022"]
[Source "ChessBase"]
[SourceDate "2021.10.24"]
[SourceVersion "1"]
[SourceVersionDate "2021.10.24"]
[SourceQuality "1"]

1. d4 Nf6 2. Bg5 d5 3. Bxf6 exf6 4. Nf3 g6 5. Nc3 Bg7 6. e3 0-0 7. Bd3 Re8 8. 0-0 Nc6 9. Re1 g5 10. h3 f5 11. Nh2 f4 12. exf4 Rxe1+ 13. Qxe1 gxf4 14. Rd1 Qg5 15. Qe8+ Bf8 16. Kh1 Nxd4 17. Bxh7+ Kg7 18. Rxd4 f3 19. g4 Qh4 20. Nxf3 Qxh3+ 21. Nh2 Qxh7 22. Rxd5 f6 23. Rh5 Qxc2 24. Qd8 Qc1+ 25. Kg2 Qf4 26. Qd3 f5 27. gxf5 Kf6 28. Nd5+ 1-0

[Event "IECC CL0-2019.00 email"]
[Site "IECC email"]
[Date "2019.09.11"]
[Round "?"]
[White "Kaupat, Lothar"]
[Black "Amuso, Jose Alberto"]
[Result "0-1"]
[WhiteElo "1007"]
[BlackElo "814"]
[PlyCount "34"]
[EventDate "2019.08.07"]
[EventType "tourn (corr)"]
[EventRounds "4"]
[SourceTitle "Corr 2022"]
[Source "ChessBase"]
[SourceDate "2021.10.24"]
[SourceVersion "1"]
[SourceVersionDate "2021.10.24"]
[SourceQuality "1"]

1. e4 c5 2. Nf3 d6 3. d4 cxd4 4. Nxd4 Nf6 5. Nc3 g6 6. Bd3 Bg7 7. 0-0 0-0 8. Be3 e5 9. Nf3 Bg4 10. h3 Be6 11. Qd2 a6 12. Rfd1 Qc7 13. Bg5 Ne8 14. Bh6 f6 15. Bxg7 Kxg7 16. Qe3 Nc6 17. Qb6 Qxb6 0-1

[Event "IECC CL0-2019.00 email"]
[Site "IECC email"]
[Date "2019.09.10"]
[Round "?"]
[White "Chura, Michal"]
[Black "Kaupat, Lothar"]
[Result "1-0"]
[WhiteElo "1106"]
[BlackElo "1007"]
[PlyCount "63"]
[EventDate "2019.08.07"]
[EventType "tourn (corr)"]
[EventRounds "4"]
[SourceTitle "Corr 2022"]
[Source "ChessBase"]
[SourceDate "2021.10.24"]
[SourceVersion "1"]
[SourceVersionDate "2021.10.24"]
[SourceQuality "1"]

1. f4 d5 2. Nf3 Nf6 3. e3 g6 4. b3 Bg7 5. Bb2 0-0 6. Be2 c5 7. 0-0 Nc6 8. Bb5 Bd7 9. Nc3 a6 10. Bxc6 Bxc6 11. Ne5 Qd6 12. Nxc6 Qxc6 13. Ne2 e6 14. Ng3 b5 15. d3 Ng4 16. Bxg7 Nxe3 17. Qe2 Nxf1 18. Bf6 Nxg3 19. hxg3 c4 20. g4 Qb6+ 21. Kh2 Rfc8 22. g5 cxd3 23. Qxd3 Qf2 24. Rf1 Qxc2 25. Qh3 h5 26. gxh6 Kh7 27. Qh4 Qxa2 28. Ra1 Qxb3 29. Be5 Rg8 30. Qf6 Ra7 31. Rxa6 Qd3 32. Rxa7 1-0

[Event "IECC CL0-2019.00 email"]
[Site "IECC email"]
[Date "2019.09.09"]
[Round "?"]
[White "Couspeyre, Thierry"]
[Black "Kaupat, Lothar"]
[Result "1/2-1/2"]
[WhiteElo "1362"]
[BlackElo "1007"]
[PlyCount "64"]
[EventDate "2019.08.07"]
[EventType "tourn (corr)"]
[EventRounds "4"]
[SourceTitle "Corr 2022"]
[Source "ChessBase"]
[SourceDate "2021.10.24"]
[SourceVersion "1"]
[SourceVersionDate "2021.10.24"]
[SourceQuality "1"]

1. e4 c5 2. Nf3 d6 3. d4 cxd4 4. Nxd4 Nf6 5. Nc3 a6 6. Be2 e5 7. Nb3 Nc6 8. 0-0 Be7 9. Be3 0-0 10. Bf3 Bd7 11. h3 Rc8 12. a4 Nb4 13. a5 Be6 14. Bb6 Qd7 15. Re1 Bxb3 16. cxb3 Nc6 17. Ne2 Qe6 18. g4 Nd7 19. Be3 Nc5 20. Nc1 Qg6 21. Bd2 Bh4 22. b4 Ne6 23. Ne2 Qf6 24. Ng3 Ncd4 25. Bg2 Nc2 26. Qe2 Nxe1 27. Qxe1 Nd4 28. Rc1 Rxc1 29. Bxc1 Bxg3 30. fxg3 Nf3+ 31. Bxf3 Qxf3 32. Bd2 Rc8 1/2-1/2

[Event "IECC CL0-2019.00 email"]
[Site "IECC email"]
[Date "2019.09.08"]
[Round "?"]
[White "Kaupat, Lothar"]
[Black "Shim Ng Min, Francis"]
[Result "1-0"]
[WhiteElo "1007"]
[BlackElo "1279"]
[PlyCount "31"]
[EventDate "2019.08.07"]
[EventType "tourn (corr)"]
[EventRounds "4"]
[SourceTitle "Corr 2022"]
[Source "ChessBase"]
[SourceDate "2021.10.24"]
[SourceVersion "1"]
[SourceVersionDate "2021.10.24"]
[SourceQuality "1"]

1. e4 c5 2. Nf3 e6 3. d4 cxd4 4. Nxd4 Nf6 5. Nc3 Nc6 6. Ndb5 Bb4 7. a3 Bxc3+ 8. Nxc3 d5 9. exd5 exd5 10. Bd3 0-0 11. 0-0 h6 12. Bf4 a6 13. Re1 Be6 14. Qd2 Qd7 15. Bxh6 gxh6 16. Qxh6 1-0

[Event "OP-2019-0-04822"]
[Site "LSS email"]
[Date "2019.08.11"]
[Round "?"]
[White "Pech, Jaroslav Sr"]
[Black "Kaupat, Lothar"]
[Result "1-0"]
[WhiteElo "1756"]
[BlackElo "995"]
[PlyCount "37"]
[EventDate "2019.08.04"]
[EventType "tourn (corr)"]
[EventRounds "4"]
[EventCountry "GER"]
[SourceTitle "Corr 2022"]
[Source "ChessBase"]
[SourceDate "2021.10.24"]
[SourceVersion "1"]
[SourceVersionDate "2021.10.24"]
[SourceQuality "1"]

1. e4 e6 2. d4 d5 3. Nc3 Nf6 4. Bg5 Be7 5. e5 Ne4 6. Bxe7 Qxe7 7. Nxe4 dxe4 8. Qe2 b6 9. 0-0-0 Bb7 10. g3 Nd7 11. Bg2 f5 12. exf6 Nxf6 13. f3 0-0 14. fxe4 c5 15. dxc5 Qxc5 16. Nh3 h6 17. Nf4 Qg5 18. Kb1 Rad8 19. Nxe6 1-0

[Event "SN-2019-0-00986"]
[Site "LSS email"]
[Date "2019.07.31"]
[Round "?"]
[White "Kaupat, Lothar"]
[Black "Rocek, Vladimir"]
[Result "1-0"]
[WhiteElo "953"]
[BlackElo "1114"]
[PlyCount "47"]
[EventDate "2019.07.02"]
[EventType "tourn (corr)"]
[EventRounds "6"]
[EventCountry "GER"]
[SourceTitle "Corr 2022"]
[Source "ChessBase"]
[SourceDate "2021.10.24"]
[SourceVersion "1"]
[SourceVersionDate "2021.10.24"]
[SourceQuality "1"]

1. d4 Nf6 2. c4 e5 3. dxe5 Ng4 4. e4 Nxe5 5. f4 Ng6 6. Nf3 Bc5 7. f5 Nh4 8. Ng5 h6 9. Qh5 0-0 10. Qxh4 hxg5 11. Qh5 Be7 12. Nc3 c6 13. h4 gxh4 14. Bf4 d6 15. 0-0-0 Na6 16. g3 Nc5 17. Bxd6 Bxd6 18. Rxh4 f6 19. Be2 Qd7 20. b4 Na6 21. c5 Nxb4 22. Qh8+ Kf7 23. Bh5+ Ke7 24. cxd6+ 1-0

[Event "SN-2019-0-00986"]
[Site "LSS email"]
[Date "2019.07.31"]
[Round "?"]
[White "Kaupat, Lothar"]
[Black "Vontina, Maria"]
[Result "1-0"]
[WhiteElo "953"]
[BlackElo "846"]
[PlyCount "23"]
[EventDate "2019.07.02"]
[EventType "tourn (corr)"]
[EventRounds "6"]
[EventCountry "GER"]
[SourceTitle "Corr 2022"]
[Source "ChessBase"]
[SourceDate "2021.10.24"]
[SourceVersion "1"]
[SourceVersionDate "2021.10.24"]
[SourceQuality "1"]

1. e4 e6 2. d4 d5 3. Nc3 Bb4 4. a3 Bxc3+ 5. bxc3 dxe4 6. Qg4 Qf6 7. Qxe4 Ne7 8. Bf4 c6 9. Bd3 Qg6 10. Qf3 Qf6 11. Qg3 Nd7 12. Bg5 1-0

[Event "IECC CL0-2019.00 email"]
[Site "IECC email"]
[Date "2019.07.28"]
[Round "?"]
[White "Kaupat, Lothar"]
[Black "Raines, David T"]
[Result "1/2-1/2"]
[WhiteElo "946"]
[BlackElo "1182"]
[PlyCount "56"]
[EventDate "2019.06.17"]
[EventType "tourn (corr)"]
[EventRounds "4"]
[SourceTitle "Corr 2022"]
[Source "ChessBase"]
[SourceDate "2021.10.24"]
[SourceVersion "1"]
[SourceVersionDate "2021.10.24"]
[SourceQuality "1"]

1. d4 d5 2. c4 e6 3. cxd5 exd5 4. Nc3 c6 5. Nf3 Nf6 6. Bg5 Be7 7. e3 Bg4 8. Be2 Nbd7 9. 0-0 0-0 10. Rc1 h6 11. Bf4 a6 12. h3 Bf5 13. a3 Rc8 14. Qb3 b5 15. Rfe1 Nb6 16. Ne5 Nfd7 17. Bd3 Bxd3 18. Nxd3 Nc4 19. Qc2 Ndb6 20. a4 Bd6 21. Bxd6 Nxd6 22. axb5 axb5 23. Na2 Nbc4 24. b3 Na5 25. Nab4 Qd7 26. Ra1 Ra8 27. Ra2 Ra7 28. Rea1 Rfa8 1/2-1/2